000
00325nam a2200157Ia 4500
100
_a
Sekkilar/S.M
650
_a
Engineering Graphics
942
_c
BK
366
_f
25
654
_a
engineering graphics
245
_a
Engineering Graphics
260
_b
Narosa
_c
2018
082
_b
SEK
546
_a
ENGLISH
999
_c
27267
_d
27267